000 02475nam0a2200349 4500
001 RU\NLR\BIBL_A\012713755
005 20220314114632.0
010 _a978-5-94507-253-4
_9100
021 _aRU
_bКН-П-21-077616
_9КН-П-21-6181
035 _a(NLR Aleph) 012713755
035 _a(RuMoRGB)010871510
090 _a12918320
_c12918320
100 _a20220222d2021 k y0rusy50 ca
101 0 _arus
102 _aRU
105 _ay|||z|||000zy
181 0 _ai
_baxxe
182 0 _an
200 1 _aСборник 75-й межвузовской (X Всероссийской) итоговой студенческой конференции с международным участием, 28 апреля 2021 года
_fФедеральное государственное бюджетное образовательное учреждение высшего образования "Южно-Уральский государственный медицинский университет" Министерства здравоохранения Российской Федерации, Совет Студенческого научного общества ЮУГМУ, Совет по научно-исследовательской работе
203 _aТекст
_bвизуальный
_cнепосредственный
210 _aЧелябинск
_cИзд-во Южно-Уральского государственного медицинского университета
_d2021
215 _a117 с.
_d30
330 _aВ сборнике представлены материалы 75-й межвузовской (Х Всероссийской) итоговой студенческой конференции с международным участием. Работы публикуются в авторском варианте
606 1 _aМедицина
_jСъезды, совещания и т.п
_9892737
_3RU\NLR\AUTH\662895
675 _a61(082)
_v4
686 1 _aР.я431(2)31
710 0 2 _aЮжно-Уральский государственный медицинский университет
_bМежвузовская итоговая студенческая конференция с международным участием
_cЧелябинск
_d75
_f2021
_9788187
_3RU\NLR\AUTH\880560502
942 _cBOOK
980 _aNB